000 00214 a2200097 4500
001 43957
100 _aMajid Fakhry
245 _aIslamic Occasionalism
260 _aLondon
_bGeorge Allen
_c
090 _c27696
_d27696
942 _aNUST-CAE
_cM
_c19664
999 _c279030
_d279030